| 000 | 00467nam a2200181Ia 4500 | ||
|---|---|---|---|
| 005 | 20250508150322.0 | ||
| 008 | 008 250505s9999 xx 000 0 eng d | ||
| 037 | _aBooks to be hide in OPAC | ||
| 040 |
_aFEDL _beng _cFEDL |
||
| 041 |
_aeng _2eng |
||
| 084 | _qFEDL | ||
| 100 | _aMurray Gilbert | ||
| 245 | 0 | _aWorld of learning | |
| 260 |
_aLondon, UK _bGeorge Allen and Unwin Limited _c1947 |
||
| 300 | _a520p. | ||
| 942 | _cHB | ||
| 999 |
_c1322972 _d1322972 |
||